Sports Quiz

Random Sports Quiz

Best First Basemen of all-time Quiz Stats

 Plays Quiz not verified by Sporcle

Score 0/9 Timer 03:00
0 Plays Today
Year Player % Correct
2001-*Albert Pujols
94.4%
1923-1939Lou Gehrig
91.1%
1925-1942; 1944-1945Jimmie Foxx
73%
1959-1980Willie McCovey
56.4%
1954-1975Harmon Killebrew
51%
1977-1997Eddie Murray
51%
1930;1933-1941;1945-1947Hank Greenberg
50.4%
1991-*Jim Thome
45.4%
1936-1942; 1946-1953Johnny Mize
29.1%

You're not logged in!

Compare scores with friends on all Sporcle quizzes.
OR
Log In

Show Comments

Extras

Created Nov 10, 2010ReportNominate
Tags:basemen, player

Top Quizzes Today


Score Distribution

Your Account Isn't Verified!

In order to create a playlist on Sporcle, you need to verify the email address you used during registration. Go to your Sporcle Settings to finish the process.

Report this User

Report this user for behavior that violates our Community Guidelines.

Details: